000 01251cam a2200409 a 4500
001 104688
005 20230410142343.0
008 920914s1992 sp a b 000 0 spa
035 _9(DLC) 94189454
035 _a1606747
010 _a 94189454
020 _a8478801758
040 _aDLC
_cDLC
043 _ae-sp---
050 1 4 _aBX 1735
_bP438s 1992
082 0 0 _a272.20946
100 2 _aPérez Escohotado, Javier.
245 1 0 _aSexo e Inquisiciòn en España /
_cJavier Pérez Escohotado.
260 _aMadrid :
_bTemas de Hoy,
_c1992.
300 _a239 p. :
_bill. ;
_c21 cm.
440 0 _aHistoria de la España sorprendente
504 _aIncludes bibliographical references (p. [235]-239).
650 0 _aInquisition
_zSpain.
650 0 _aSex
_xReligious aspects
_xCatholic Church.
650 0 _aSex customs
_zSpain
_xHistory.
650 0 _aSex crimes
_zSpain
_xHistory.
650 4 _aInquisición
_zEspaña.
650 4 _aSexo
_xAspectos religiosos de la Iglesia Católica.
650 4 _aSexo costumbres
_zEspaña
_xHistoria.
650 4 _aColecciòn Enriquillo Sànchez
650 4 _aCES
650 4 _aPrimera Jornada de Catalogacion
650 4 _a20150800.
922 _aap
942 _2lcc
_cbk
946 _aJPR
999 _c94131
_d94131